| 000 | 01642nam a2200433 i 4500 | ||
|---|---|---|---|
| 001 | 56695 | ||
| 003 | KOSZ 005 | ||
| 005 | 20220923142246.0 | ||
| 008 | 090824s2006 pl a |100 0 pol | ||
| 015 | _aPB 1307/2007 | ||
| 020 | _a8360283400 | ||
| 020 | _a9788360283400 | ||
| 040 |
_cWA N _aWA N _dKOSZ 005/HR |
||
| 041 | 0 |
_apol _beng |
|
| 046 | _k2006 | ||
| 080 | _a658.15(438)"1989/..." | ||
| 080 | _a(06) | ||
| 245 | 0 | 0 |
_aProblemy zarządzania finansami we współczesnych przedsiębiorstwach : _bpraca zbiorowa / _cpod red. Piotra Szczepankowskiego ; [wprow. Piotr Szczepankowski]. |
| 260 |
_aWarszawa : _bVizja Press&It, _c2006. |
||
| 300 |
_a392, [1] s. : _bil. ; _c24 cm. |
||
| 336 |
_2rdacontent _aTekst _btxt |
||
| 337 |
_2rdamedia _aBez urządzenia pośredniczącego _bn |
||
| 338 |
_2rdacarrier _aWolumin _bnc |
||
| 380 | _aKsiążki | ||
| 388 | _a2001- | ||
| 490 | 1 | _aFinanse / Wyższa Szkoła Finansów i Zarządzania w Warszawie | |
| 500 | _aNazwa aut. wprow. pod tekstem. Materiały z konferencji, która się odbyła w Warszawie 27-28 listopada 2006 r. | ||
| 504 | _aBibliogr. przy ref. | ||
| 546 | _aStreszcz. ang. przy ref. | ||
| 648 | 7 | _a2001- | |
| 650 | 4 | _aFinanse przedsiębiorstwa | |
| 650 | 4 | _aZarządzanie finansami | |
| 655 | 4 | _aMateriały konferencyjne | |
| 658 | _aGospodarka, ekonomia, finanse | ||
| 700 | 1 |
_aSzczepankowski, Piotr _eRedakcja |
|
| 830 | 0 | _aFinanse (Wyższa Szkoła Finansów i Zarządzania ; Warszawa) | |
| 856 |
_uhttp://koha.tu.koszalin.pl/cgi-bin/koha/opac-detail.pl?biblionumber=56695 _yKatalog online BPK |
||
| 942 |
_cKS _2UKD |
||
| 999 |
_c56695 _d56695 |
||